Größte deutsche Städte mit einer Silbe - Statistiken

Allgemein
  • Dieses Quiz wurde 245 mal gespielt
  • Das Durchschnittsergebnis liegt bei 10 aus 16
Antwortstatistiken
Platz Stadt Einwohner Bundesland % Korrekt
1 Köln 1.024.408 Nordrhein-Westfalen
98%
3 Kiel 251.751 Schleswig-Holstein
90%
4 Mainz 222.889 Rheinland-Pfalz
88%
2 Bonn 321.680 Nordrhein-Westfalen
86%
8 Ulm 129.942 Baden-Württemberg
78%
5 Hamm 179.380 Nordrhein-Westfalen
75%
7 Fürth 132.032 Bayern
72%
9 Trier 112.737 Rheinland-Pfalz
69%
10 Moers 101.601 Nordrhein-Westfalen
57%
6 Neuss 154.712 Nordrhein-Westfalen
53%
11 Worms 85.609 Rheinland-Pfalz
48%
15 Hof 46.963 Bayern
47%
12 Marl 86.686 Nordrhein-Westfalen
37%
14 Soest 47.286 Nordrhein-Westfalen
33%
13 Hürth 61.847 Nordrhein-Westfalen
24%
16 Brühl 45.398 Nordrhein-Westfalen
14%
Keine übereinstimmenden Quizze gefunden
Verteilung der Resultate
Anzahl Personen mit jedem Resultat
Perzentil nach korrekt beantworteten Fragen
Ihre Resultats-Entwicklung
Sie haben dieses Quiz noch nicht gespielt